"Ràng buộc bán kèm" trong quan hệ nhượng quyền thương mại và kinh nghiệm lập pháp của EU /

Enregistré dans:
Détails bibliographiques
Auteur principal: Vũ Đặng Hải Yến.
Format: Article
Langue:Vietnamese
Sujets:
EU
Tags: Ajouter un tag
Pas de tags, Soyez le premier à ajouter un tag!
Thư viện lưu trữ: Thư viện Trường Đại học Đà Lạt
LEADER 00896nam a2200277 4500
001 DLU140165972
005 ##20141208
040 # # |a DLU  |b vie 
041 # # |a vie 
044 # # |a vn 
100 # # |a Vũ Đặng Hải Yến. 
245 # # |a "Ràng buộc bán kèm" trong quan hệ nhượng quyền thương mại và kinh nghiệm lập pháp của EU /  |c Vũ Đặng Hải Yến, Nguyễn Thị Tình. 
653 # # |a EU 
653 # # |a Kinh nghiệm lập pháp 
653 # # |a Nhượng quyền thương mại 
653 # # |a Pháp luật 
773 # # |t Tạp chí Nghiên cứu Châu Âu  |g Số1(160), 2014, tr. 84-90 
920 # # |a Phòng Tạp chí -- Trung tâm Thông tin - Thư viện Trường Đại học Đà Lạt 
994 # # |a DLU 
900 # # |a True 
911 # # |a Nguyễn Thị Mai Anh 
925 # # |a G 
926 # # |a A 
927 # # |a BB 
980 # # |a Thư viện Trường Đại học Đà Lạt